[Event "15th Delhi Open 2017"]
[Site "New Delhi IND"]
[Date "2017.01.12"]
[Round "5.24"]
[White "Aradhya, Garg"]
[Black "Vignesh, N R"]
[Result "1/2-1/2"]
[BlackTitle "IM"]
[WhiteElo "2230"]
[BlackElo "2414"]
[WhiteFideId "25006746"]
[BlackFideId "25012215"]
[EventDate "2017.01.09"]

1. d4 Nf6 2. c4 e6 3. Nf3 Bb4+ 4. Nbd2 b6 5. a3 Bxd2+ 6. Qxd2 a5 7. b3 Bb7 8. e3
d6 9. Be2 Nbd7 10. Bb2 O-O 11. O-O Qe7 12. Rad1 Rfd8 13. Ne1 d5 14. Nd3 c5 15.
dxc5 bxc5 16. Qc3 a4 17. Nf4 Nb6 18. cxd5 Nbxd5 19. Nxd5 exd5 20. b4 cxb4 21.
axb4 a3 22. Ba1 Rdc8 23. Qb3 Ne4 24. Rd4 Qc7 25. Bd3 g6 26. Rd1 Ng5 27. b5 Ne6
28. Ra4 Rxa4 29. Qxa4 Qe7 30. Be2 d4 31. Bxd4 Ra8 32. Qc4 Nxd4 33. Qxd4 a2 34.
h4 Qe4 35. Qxe4 Bxe4 36. Ra1 Ra4 37. Bd1 Ra3 38. b6 Bd5 39. Kh2 Ra6 40. Bf3 Be6
41. b7 Rb6 42. Bc6 Kg7 43. e4 Rb1 44. Bd5 Bxd5 1/2-1/2

[Event "15th Delhi Open 2017"]
[Site "New Delhi IND"]
[Date "2017.01.12"]
[Round "5.25"]
[White "Singh, S. Vikramjit"]
[Black "Roy, Prantik"]
[Result "1/2-1/2"]
[BlackTitle "IM"]
[WhiteElo "2145"]
[BlackElo "2405"]
[WhiteFideId "5006090"]
[BlackFideId "5035120"]
[EventDate "2017.01.09"]

1. d4 Nf6 2. c4 g6 3. Nc3 d5 4. Nf3 Bg7 5. cxd5 Nxd5 6. e4 Nxc3 7. bxc3 c5 8.
Rb1 O-O 9. Be2 Qa5 10. Rb5 Qxa2 11. Rxc5 Na6 12. Rb5 Qe6 13. Qd3 b6 14. h4 1/2-1/2

[Event "15th Delhi Open 2017"]
[Site "New Delhi IND"]
[Date "2017.01.12"]
[Round "5.26"]
[White "Urazayev, Arystanbek"]
[Black "Nikhil, Magizhnan"]
[Result "1-0"]
[WhiteTitle "CM"]
[BlackTitle "CM"]
[WhiteElo "2365"]
[BlackElo "2142"]
[WhiteFideId "13709810"]
[BlackFideId "35075497"]
[EventDate "2017.01.09"]

1. e4 c5 2. Nf3 d6 3. Bb5+ Nd7 4. d4 cxd4 5. Qxd4 e5 6. Qd3 Be7 7. c4 Nf6 8. Nc3
O-O 9. Bxd7 Nxd7 10. Be3 b6 11. O-O Bb7 12. Nd5 Bxd5 13. cxd5 Nc5 14. Qc2 a5 15.
Bxc5 bxc5 16. Nd2 g6 17. Nc4 Bf6 18. Rad1 Bg7 19. Qa4 Qe7 20. a3 Rfb8 21. Rd3
Bf8 22. Rb1 Qc7 23. g3 Qd8 24. Kg2 Qc7 25. Rc1 Qd8 26. Rcc3 Qe8 27. Qxe8 Rxe8
28. Rb3 a4 29. Rb6 Reb8 30. Rc6 Be7 31. Nb6 Ra5 32. Nc8 Bf8 33. Nxd6 Bxd6 34.
Rxd6 Rxb2 35. Rd8+ Kg7 36. d6 c4 37. Rd1 Ra6 38. d7 Rf6 39. Rg8+ 1-0

[Event "15th Delhi Open 2017"]
[Site "New Delhi IND"]
[Date "2017.01.12"]
[Round "5.27"]
[White "Raahul, V S"]
[Black "Srijit, Paul"]
[Result "1/2-1/2"]
[WhiteElo "2089"]
[BlackElo "2347"]
[WhiteFideId "25035525"]
[BlackFideId "5094798"]
[EventDate "2017.01.09"]

1. c4 f5 2. d4 Nf6 3. g3 g6 4. Bg2 Bg7 5. Nc3 O-O 6. Nf3 d6 7. d5 Na6 8. O-O Nc5
9. Nd4 a5 10. b3 Rb8 11. Bb2 e5 12. dxe6 Nxe6 13. Nxe6 Bxe6 14. Nd5 b6 15. Qc2
Qd7 16. Rfd1 Rbe8 17. a3 Nh5 18. b4 f4 19. c5 bxc5 20. bxc5 fxg3 21. fxg3 Bg4
22. Bxg7 Qxg7 23. cxd6 cxd6 24. Nc7 Bxe2 25. Nxe8 Rxe8 26. Re1 Qd4+ 27. Kh1 Re5
28. Qc8+ Kg7 29. Qb7+ Kh6 30. Bf3 d5 31. Bxe2 Qf2 32. Qb3 Re3 33. Qxe3+ Qxe3 34.
Bxh5 Qc3 35. Be2 d4 36. Rad1 a4 37. Bb5 Qb3 38. Bc6 d3 39. Be4 Qxa3 40. Rxd3 Qb4
41. Ree3 Qb1+ 42. Kg2 Qc2+ 43. Kh3 Qc8+ 44. Kg2 Qc2+ 45. Kh3 Qc8+ 46. Kg2 1/2-1/2

[Event "15th Delhi Open 2017"]
[Site "New Delhi IND"]
[Date "2017.01.12"]
[Round "5.28"]
[White "Kulkarni, Rakesh"]
[Black "Sa, Kannan"]
[Result "1-0"]
[WhiteElo "2344"]
[BlackElo "1985"]
[WhiteFideId "5037077"]
[BlackFideId "5018340"]
[EventDate "2017.01.09"]

1. e4 c5 2. c3 Qa5 3. Nf3 Nc6 4. Bc4 e6 5. O-O Nge7 6. Qe2 a6 7. d4 b5 8. Bb3 c4
9. Bc2 d5 10. Bf4 Qd8 11. Nbd2 Ng6 12. Bg3 Be7 13. h4 O-O 14. h5 Nh4 15. Ne5
Nxe5 16. Bxe5 Bg5 17. Rad1 Bb7 18. f4 Bh6 19. f5 dxe4 20. f6 g6 21. Bxe4 Bd5 22.
g4 Bg5 23. hxg6 fxg6 24. Qh2 Be3+ 25. Rf2 Bxe4 26. Qxh4 g5 27. Qh6 Bxf2+ 28.
Kxf2 Ra7 29. Nxe4 Raf7 30. Ke3 Qa5 31. Rc1 1-0

[Event "15th Delhi Open 2017"]
[Site "New Delhi IND"]
[Date "2017.01.12"]
[Round "5.29"]
[White "Ajay Krishna, S"]
[Black "Rakesh, Kumar Jena"]
[Result "1/2-1/2"]
[BlackTitle "FM"]
[WhiteElo "2167"]
[BlackElo "2335"]
[WhiteFideId "5096430"]
[BlackFideId "5084822"]
[EventDate "2017.01.09"]

1. d4 d5 2. Nf3 Nf6 3. g3 c5 4. Bg2 Nc6 5. O-O Bg4 6. Be3 Bxf3 7. Bxf3 cxd4 8.
Bxd4 e5 9. Be3 Be7 10. c3 O-O 11. Bg5 e4 12. Bg2 h6 13. Bxf6 Bxf6 14. Na3 Qb6
15. Qb3 Qc5 16. Rad1 Rfd8 17. e3 a6 18. Rd2 Na5 19. Qd1 Qc6 20. Qh5 Rd6 21. Bxe4
dxe4 22. Rxd6 Qxd6 23. Qxa5 b5 24. Nb1 Rc8 25. Qa3 Qxa3 26. Nxa3 b4 27. Nb1 bxc3
28. bxc3 Be5 29. Rc1 Rd8 30. Kg2 f5 31. c4 Rc8 32. Nd2 Kf7 33. Nb3 g5 34. c5 Ke6
35. Rc4 Kd5 36. Rb4 f4 37. exf4 gxf4 38. gxf4 Bxf4 39. Rd4+ Ke5 40. Rd6 Rxc5 41.
Nxc5 Kxd6 42. Nxa6 Bd2 43. Kf1 Kc6 44. a3 Bc1 45. Nb4+ Kc5 46. Nc2 Kc4 47. Ke2
Kc3 48. Kd1 Bf4 49. h3 Kb3 50. Nd4+ Kxa3 51. Ne6 Bb8 52. Nc5 e3 53. f3 Kb2 54.
Ke2 Kc3 55. Ne6 Ba7 56. Nc7 Kc4 57. Ne6 Kd5 58. Nf4+ Ke5 59. Ng2 h5 60. h4 Kf5
61. Nxe3+ Kf4 62. Nf1 Bb6 63. Nd2 Bd8 64. Kf2 Bxh4+ 65. Kg2 Be1 66. Nf1 h4 67.
Nh2 Bg3 68. Nf1 h3+ 69. Kxh3 Kxf3 70. Nxg3 1/2-1/2

[Event "15th Delhi Open 2017"]
[Site "New Delhi IND"]
[Date "2017.01.12"]
[Round "5.30"]
[White "David, Alberto"]
[Black "Goswami, Vedant"]
[Result "1-0"]
[WhiteTitle "GM"]
[WhiteElo "2569"]
[BlackElo "2189"]
[WhiteFideId "4000013"]
[BlackFideId "5003725"]
[EventDate "2017.01.09"]

1. Nf3 Nf6 2. d3 d5 3. g3 g6 4. c4 Bg7 5. Qa4+ c6 6. cxd5 Nxd5 7. Bg2 Nd7 8. O-O
O-O 9. Qh4 e5 10. Bg5 f6 11. Bh6 g5 12. Qh5 Nc5 13. h4 g4 14. Nh2 Qe8 15. Qxe8
Rxe8 16. Bd2 e4 17. Rc1 b6 18. Nc3 f5 19. dxe4 fxe4 20. Nf1 Ba6 21. Re1 Rad8 22.
Rac1 Bd4 23. Nd1 Re6 24. Rc2 h5 25. Nfe3 Rf8 26. b4 Nd7 27. a4 Nxe3 28. Bxe3 c5
29. Bxd4 cxd4 30. Rc7 Nf6 31. Rxa7 Bc4 32. Nb2 Rc8 33. Rc1 Rec6 34. Bf1 Bd5 35.
Rxc6 Rxc6 36. a5 bxa5 37. bxa5 Rc2 38. Ra6 Kg7 39. Rb6 Nd7 40. Rb4 d3 41. exd3
exd3 42. Nxd3 Ra2 43. Rb5 Be4 44. Nf4 Nf6 45. a6 Ra1 46. Re5 Bf3 47. Re7+ Kh6
48. a7 Ne4 49. Re6+ Kg7 50. Nxh5+ Kf7 51. Ra6 Rxa6 52. Bxa6 Nc5 53. Be2 1-0

[Event "15th Delhi Open 2017"]
[Site "New Delhi IND"]
[Date "2017.01.12"]
[Round "5.31"]
[White "Hesham, Abdelrahman"]
[Black "Nishant, Malhotra"]
[Result "1/2-1/2"]
[WhiteTitle "GM"]
[WhiteElo "2418"]
[BlackElo "2186"]
[WhiteFideId "10600183"]
[BlackFideId "5099129"]
[EventDate "2017.01.09"]

1. d4 Nf6 2. c4 e6 3. Nf3 Bb4+ 4. Nbd2 d6 5. a3 Bxd2+ 6. Qxd2 O-O 7. b3 Nc6 8.
Bb2 Qe7 9. e3 e5 10. Qc2 Bd7 11. Be2 a5 12. O-O Rfe8 13. d5 Nb8 14. e4 c6 15.
Nd2 cxd5 16. exd5 Bg4 17. Bd3 Nbd7 18. Rae1 Qd8 19. h3 Bh5 20. g3 Rc8 21. Qb1
Bg6 22. f4 exf4 23. gxf4 Rxe1 24. Rxe1 Nh5 25. Bxg6 hxg6 26. Qe4 Qh4 27. Re3
Nxf4 28. Qf3 Nf6 29. a4 Qg5+ 30. Kh1 Qf5 31. Bxf6 Qxf6 32. Ne4 Qa1+ 33. Kh2 Qb2+
34. Kg1 1/2-1/2

[Event "15th Delhi Open 2017"]
[Site "New Delhi IND"]
[Date "2017.01.12"]
[Round "6.1"]
[White "Karthikeyan, Murali"]
[Black "Deviatkin, Andrei"]
[Result "1-0"]
[WhiteTitle "GM"]
[BlackTitle "GM"]
[WhiteElo "2564"]
[BlackElo "2499"]
[WhiteFideId "5074452"]
[BlackFideId "4121260"]
[EventDate "2017.01.09"]

1. e4 c6 2. Nf3 d5 3. Nc3 dxe4 4. Nxe4 Bf5 5. Ng3 Bg4 6. Bc4 e6 7. h3 Bxf3 8.
Qxf3 Nf6 9. c3 Nbd7 10. d4 Be7 11. O-O O-O 12. Re1 Re8 13. Bb3 a5 14. Bc2 a4 15.
a3 Qc7 16. Ne4 Nxe4 17. Qxe4 g6 18. Qf3 Bf6 19. Bf4 Qb6 20. Rab1 Bg7 21. b3 axb3
22. Rxb3 Qa6 23. Reb1 b5 24. a4 e5 25. axb5 cxb5 26. Be3 Rab8 27. Bd3 Qd6 28.
Bxb5 exd4 29. cxd4 Rbd8 30. Qc6 Re6 31. d5 Ne5 32. Qxd6 Rexd6 33. f4 Nd7 34. Bc6
h5 35. Bd2 Bd4+ 36. Kh2 Nc5 37. Rb4 Bf2 38. Rf1 Bh4 39. Rc4 Nd3 40. Rf3 Rxd5 41.
Bxd5 Rxd5 42. Bc3 Nc5 43. Rd4 Rxd4 44. Bxd4 Ne6 45. Bb2 f5 46. Rb3 Bf2 47. Rf3
Bc5 48. g3 Kf7 49. Be5 Nd4 50. Rd3 Ne6 51. Rd7+ Ke8 52. Rh7 Bf8 53. Kg2 Bb4 54.
Kf3 Bc5 55. Ke2 Bb4 56. Rb7 Bc5 57. h4 Kf8 58. Bc3 Ke8 59. Bb4 Nd8 60. Rb8 Ba7
61. Ra8 Bd4 62. Ba5 Bf6 63. Kd3 Be7 1-0

[Event "15th Delhi Open 2017"]
[Site "New Delhi IND"]
[Date "2017.01.12"]
[Round "6.2"]
[White "Amonatov, Farrukh"]
[Black "Grover, Sahaj"]
[Result "1-0"]
[WhiteTitle "GM"]
[BlackTitle "GM"]
[WhiteElo "2619"]
[BlackElo "2467"]
[WhiteFideId "14700077"]
[BlackFideId "5021103"]
[EventDate "2017.01.09"]

1. e4 e6 2. d4 d5 3. Nc3 Nf6 4. Bg5 dxe4 5. Nxe4 Be7 6. Bxf6 gxf6 7. Nf3 f5 8.
Nc3 a6 9. g3 b5 10. Bg2 Bb7 11. O-O c5 12. d5 b4 13. dxe6 bxc3 14. exf7+ Kf8 15.
Qc1 Qb6 16. bxc3 Qf6 17. Rd1 f4 18. Rb1 Bc6 19. Nh4 Qxf7 20. Bxc6 Nxc6 21. Rb7
Rd8 22. Re1 Qf6 23. Re4 Bd6 24. Qe1 Rg8 25. Rxh7 Ne5 26. Kh1 Nf7 27. Re6 Qg5 28.
Qe4 fxg3 29. hxg3 Qc1+ 30. Kg2 1-0

[Event "15th Delhi Open 2017"]
[Site "New Delhi IND"]
[Date "2017.01.12"]
[Round "6.3"]
[White "Visakh, N R"]
[Black "Czebe, Attila"]
[Result "1-0"]
[WhiteTitle "IM"]
[BlackTitle "GM"]
[WhiteElo "2453"]
[BlackElo "2491"]
[WhiteFideId "25012223"]
[BlackFideId "705268"]
[EventDate "2017.01.09"]

1. e4 d6 2. d4 Nf6 3. Nc3 e5 4. Nf3 Nbd7 5. Bc4 Be7 6. O-O O-O 7. a4 c6 8. Re1
h6 9. h3 exd4 10. Nxd4 Ne5 11. Bb3 a5 12. f4 Ng6 13. Be3 Re8 14. Nf3 Nd7 15. Ba2
Qc7 16. Qe2 Bf6 17. Qc4 Nc5 18. e5 Be6 19. Qf1 Bxa2 20. exf6 Bd5 21. f5 Ne5 22.
Nxe5 Rxe5 23. fxg7 f6 24. Bxh6 Ne4 25. Bf4 Re7 26. Nxd5 cxd5 27. Qd3 Qc5+ 28.
Kh2 Rae8 29. Rad1 d4 30. Qxd4 Qxc2 31. Rc1 Qb3 32. Bxd6 Nxd6 33. Rxe7 Rxe7 34.
Qxd6 Rxg7 35. Rc8+ Kh7 36. Qf4 Rg5 37. Qh4+ 1-0

[Event "15th Delhi Open 2017"]
[Site "New Delhi IND"]
[Date "2017.01.12"]
[Round "6.4"]
[White "Swayams, Mishra"]
[Black "Nguyen, Huynh Minh Huy"]
[Result "1/2-1/2"]
[WhiteTitle "IM"]
[BlackTitle "GM"]
[WhiteElo "2491"]
[BlackElo "2448"]
[WhiteFideId "5028183"]
[BlackFideId "12401269"]
[EventDate "2017.01.09"]

1. d4 d5 2. c4 c6 3. Nf3 Nf6 4. e3 a6 5. a4 e6 6. Be2 dxc4 7. Bxc4 c5 8. O-O Nc6
9. Qe2 cxd4 10. Rd1 Be7 11. Nc3 O-O 12. exd4 Nb4 13. Bg5 Bd7 14. d5 exd5 15.
Nxd5 Nbxd5 16. Bxd5 Nxd5 17. Rxd5 Bxg5 18. Nxg5 h6 19. Qd2 hxg5 20. Rxd7 Qf6 21.
Rxb7 Rfd8 22. Qb4 Rd4 23. Qb3 1/2-1/2

[Event "15th Delhi Open 2017"]
[Site "New Delhi IND"]
[Date "2017.01.12"]
[Round "6.5"]
[White "Neverov, Valeriy"]
[Black "Navalgund, Niranjan"]
[Result "1/2-1/2"]
[WhiteTitle "GM"]
[WhiteElo "2478"]
[BlackElo "2207"]
[WhiteFideId "14100150"]
[BlackFideId "5030854"]
[EventDate "2017.01.09"]

1. Nf3 d5 2. g3 c6 3. Bg2 Bg4 4. d3 Nd7 5. Nbd2 e6 6. O-O Bd6 7. b3 Ne7 8. Bb2
O-O 9. c4 a5 10. a3 b5 11. Qc2 e5 12. e4 bxc4 13. bxc4 d4 14. c5 Bxc5 15. Nxe5
Nxe5 16. Qxc5 Nxd3 17. Qxd4 Nxb2 18. Qxb2 Qd3 19. Rfc1 Rab8 20. Qc3 Qxc3 21.
Rxc3 Be6 22. Nc4 a4 23. Na5 Rfc8 24. Bf1 g6 25. Rac1 Rb2 26. Kg2 Rd8 27. R1c2
Rxc2 28. Rxc2 Rd4 29. f3 Kg7 30. Be2 Rd8 31. Nb7 Ra8 32. Nc5 Ra5 33. Rc3 Ba2 34.
Kf2 f5 35. Bd1 fxe4 36. fxe4 Bb3 37. Nxb3 axb3 38. Rxb3 Kf6 39. a4 Ra7 40. Rf3+
Ke5 41. Rf7 h5 42. Bc2 c5 43. Ke2 Kd4 44. a5 c4 45. a6 Ke5 46. Rh7 Ke6 47. Kd2
Rxa6 48. Kc3 Rc6 49. Ba4 Rc7 50. Rh8 Ke5 51. Bb5 Kxe4 52. Re8 Kd5 53. Rd8+ Ke5
54. Bxc4 Nf5 55. Kb4 Rb7+ 56. Kc3 Rc7 57. Kd3 Ra7 58. Re8+ Re7 59. Rxe7+ Nxe7
60. Ke3 Nf5+ 61. Kf2 g5 62. Bf7 h4 63. gxh4 gxh4 64. Kf3 Kf6 65. Kg4 Nh6+ 66.
Kxh4 Nxf7 67. Kg4 Ne5+ 68. Kf4 Ng6+ 69. Ke4 Kg5 70. h4+ Nxh4 1/2-1/2

[Event "15th Delhi Open 2017"]
[Site "New Delhi IND"]
[Date "2017.01.12"]
[Round "6.6"]
[White "Ghosh, Diptayan"]
[Black "Raghunandan, Kaumandur Srihari"]
[Result "1-0"]
[WhiteTitle "GM"]
[BlackTitle "IM"]
[WhiteElo "2570"]
[BlackElo "2416"]
[WhiteFideId "5045207"]
[BlackFideId "25004964"]
[EventDate "2017.01.09"]

1. d4 d5 2. c4 c6 3. e3 Nf6 4. Nc3 e6 5. Nf3 Nbd7 6. Qc2 Bd6 7. Bd3 dxc4 8. Bxc4
b5 9. Bd3 Bb7 10. O-O O-O 11. e4 e5 12. h3 exd4 13. Nxd4 Nc5 14. Rd1 Nxd3 15.
Rxd3 Qc7 16. Bg5 Be5 17. Nf3 Nh5 18. Rad1 Bxc3 19. Rd7 Qb6 20. Qxc3 Bc8 21. R7d6
Be6 22. Nd4 b4 23. Qf3 g6 24. Nxc6 Qb5 25. Bh6 Rfe8 26. g4 1-0

[Event "15th Delhi Open 2017"]
[Site "New Delhi IND"]
[Date "2017.01.12"]
[Round "6.7"]
[White "Saptarshi, Roy"]
[Black "Sunilduth Lyna, Narayanan"]
[Result "1/2-1/2"]
[WhiteTitle "IM"]
[BlackTitle "GM"]
[WhiteElo "2418"]
[BlackElo "2541"]
[WhiteFideId "5008980"]
[BlackFideId "5058422"]
[EventDate "2017.01.09"]

1. e4 e5 2. Nf3 Nc6 3. c3 d5 4. Qa4 Bd7 5. exd5 Nd4 6. Qd1 Nxf3+ 7. Qxf3 Nf6 8.
Bc4 e4 9. Qe2 Bd6 10. d4 O-O 11. Bg5 h6 12. Bh4 Re8 13. Nd2 Bf4 14. Bxf6 Qxf6
15. Nf1 b5 16. Bb3 a5 17. a4 e3 18. Nxe3 Bxe3 19. fxe3 Rxe3 20. Qxe3 Re8 21.
Qxe8+ Bxe8 22. O-O-O bxa4 23. Ba2 a3 24. bxa3 Qg5+ 25. Kb2 Ba4 26. Rc1 Qd2+ 27.
Kb1 Qxg2 28. Ka1 Qd2 29. Kb1 Bd7 30. Ka1 Bf5 31. Bb3 g5 32. Rhf1 Bg6 33. h3 Kg7
34. Rg1 Qh2 35. Rh1 Qd6 36. Kb2 Be4 37. Rhe1 Qh2+ 38. Ka1 f5 39. c4 Qxh3 40. Kb2
Qh2+ 41. Ka1 Qg3 42. Kb2 Qf2+ 43. Kc3 g4 44. c5 Qf3+ 45. Kb2 Bxd5 46. Bxd5 Qxd5
47. Re7+ Kf6 48. Rxc7 Qxd4+ 49. Rc3 g3 50. Rc6+ Kg5 51. Rd6 Qe5 52. Rd2 Qe1 53.
Rdc2 Qe5 54. c6 Qc7 55. Rd2 f4 56. Rd7 Qe5 57. Rd2 Qc7 58. Rd7 Qe5 59. Rd2 Qc7
60. Rd7 Qe5 1/2-1/2

[Event "15th Delhi Open 2017"]
[Site "New Delhi IND"]
[Date "2017.01.12"]
[Round "6.8"]
[White "Urazayev, Arystanbek"]
[Black "Sivuk, Vitaly"]
[Result "0-1"]
[WhiteTitle "CM"]
[BlackTitle "GM"]
[WhiteElo "2365"]
[BlackElo "2540"]
[WhiteFideId "13709810"]
[BlackFideId "14116502"]
[EventDate "2017.01.09"]

1. e4 e5 2. Nf3 Nc6 3. Nc3 Nf6 4. g3 d5 5. exd5 Nxd5 6. Bg2 Nxc3 7. bxc3 Bd6 8.
O-O O-O 9. d3 Re8 10. Rb1 h6 11. Nd2 Na5 12. Re1 Rb8 13. c4 b6 14. Bb2 Bb7 15.
Bxb7 Nxb7 16. Qh5 Bb4 17. Rbd1 f6 18. c3 Bf8 19. Nf3 Nd6 20. d4 exd4 21. Qd5+
Nf7 22. Nxd4 Qxd5 23. cxd5 Rxe1+ 24. Rxe1 Ne5 25. Rd1 Rd8 26. Ne6 Rd7 27. Kg2
Nc4 28. Bc1 Bd6 29. Rd3 Kf7 30. f4 f5 31. Nd4 Kf6 32. Nc6 a6 33. Be3 Bc5 34.
Bxc5 bxc5 35. Kf3 Rd6 36. h3 g5 37. Rd1 a5 38. g4 a4 39. gxf5 Kxf5 40. fxg5 hxg5
41. Re1 Kf6 42. Rd1 Rd7 43. Ke4 Rh7 44. Rf1+ Kg7 45. Rg1 Kg6 46. Rg3 Rh4+ 47.
Kd3 Rf4 48. Rg1 Kh5 49. Re1 Nb2+ 50. Ke3 Kh4 51. Ne5 Kxh3 52. Rh1+ Kg2 53. Rh5
Rf5 54. Ke4 Rf4+ 55. Ke3 Nd1+ 56. Kd2 Rf5 57. Kxd1 Rxe5 58. c4 Kf3 59. Kd2 Ke4
60. Kc3 Rf5 61. Rh7 Rf3+ 62. Kc2 Kd4 63. Rxc7 Kxc4 64. d6 Rc3+ 65. Kb1 Rd3 66.
Rg7 Kc3 67. Kc1 Rh3 68. Kd1 Rh1+ 69. Ke2 Rh2+ 70. Ke3 Rd2 71. Rxg5 c4 72. Ra5
Rxd6 73. Rxa4 Re6+ 74. Kf2 Kd3 75. Ra8 c3 76. Rd8+ Kc2 77. a4 Re5 78. Rb8 Ra5
79. Ke3 Rxa4 80. Rb7 Rh4 81. Rb8 Kc1 82. Ke2 Rd4 83. Ke3 Rd5 84. Ke2 c2 85. Rb7
Re5+ 0-1

[Event "15th Delhi Open 2017"]
[Site "New Delhi IND"]
[Date "2017.01.12"]
[Round "6.9"]
[White "Horvath, Adam1"]
[Black "Kulkarni, Rakesh"]
[Result "1-0"]
[WhiteTitle "GM"]
[WhiteElo "2499"]
[BlackElo "2344"]
[WhiteFideId "708003"]
[BlackFideId "5037077"]
[EventDate "2017.01.09"]

1. e4 c5 2. Nf3 a6 3. c4 e6 4. Nc3 Qc7 5. Be2 Nf6 6. O-O d6 7. d4 Nbd7 8. b3 Be7
9. Bb2 O-O 10. Rc1 b6 11. Qd2 Bb7 12. d5 e5 13. Ne1 Ne8 14. g3 g6 15. f4 exf4
16. gxf4 Ng7 17. Bf3 f6 18. a4 Rae8 19. Nd3 f5 20. e5 dxe5 21. fxe5 Qd8 22. Qg2
Bg5 23. Rce1 Bh4 24. Re2 g5 25. d6 Bxf3 26. Qxf3 Ne6 27. Nd5 g4 28. Qg2 Bg5 29.
Ref2 Ng7 30. N5f4 Rf7 31. Qd5 Nf8 32. a5 Nfe6 33. axb6 Qxb6 34. Nxe6 Rxe6 35.
Kg2 Qxb3 36. Bc1 Bxc1 37. Rxc1 f4 38. Rb2 Qa4 39. Rb8+ Re8 40. Rxe8+ Qxe8 41.
Nxf4 Qa4 42. Re1 Nf5 43. e6 Nh4+ 44. Kh1 Rf5 45. Qa8+ Rf8 46. Qxf8+ Kxf8 47. d7
Qa5 48. e7+ Kg7 49. e8=Q Qc3 50. Qe7+ 1-0

[Event "15th Delhi Open 2017"]
[Site "New Delhi IND"]
[Date "2017.01.12"]
[Round "6.10"]
[White "Ravi, Teja S."]
[Black "Dzhumaev, Marat"]
[Result "1/2-1/2"]
[WhiteTitle "IM"]
[BlackTitle "GM"]
[WhiteElo "2388"]
[BlackElo "2457"]
[WhiteFideId "5017220"]
[BlackFideId "14200236"]
[EventDate "2017.01.09"]

1. d4 d6 2. Nf3 Nf6 3. c4 g6 4. Nc3 Bg7 5. g3 O-O 6. Bg2 c6 7. O-O Qb6 8. h3 Qa6
9. b3 b5 10. Nd2 bxc4 11. Nxc4 Be6 12. Ne3 Nbd7 13. Nc2 d5 14. Ba3 Rfe8 15. Na4
Ne4 16. Nb4 Qb7 17. Rc1 Rac8 18. Nd3 Bxd4 19. Bxe4 dxe4 20. Nf4 Bb6 21. Nxe6
fxe6 22. Rc4 Nf6 23. Nc5 Qc7 24. e3 Qe5 25. Qc2 Qf5 26. Nxe4 Qxh3 27. Nxf6+ exf6
28. Bc5 1/2-1/2

[Event "15th Delhi Open 2017"]
[Site "New Delhi IND"]
[Date "2017.01.12"]
[Round "6.11"]
[White "Nitin, S."]
[Black "Gajwa, Ankit"]
[Result "1-0"]
[WhiteTitle "IM"]
[BlackTitle "FM"]
[WhiteElo "2427"]
[BlackElo "2275"]
[WhiteFideId "5018277"]
[BlackFideId "5077834"]
[EventDate "2017.01.09"]

1. e4 e5 2. Nf3 Nc6 3. Nc3 Nf6 4. Bb5 Bd6 5. d3 h6 6. h3 O-O 7. g4 Nd4 8. Bc4 c6
9. a3 Bc7 10. g5 hxg5 11. Bxg5 Re8 12. Rg1 Ne6 13. Qd2 Nf4 14. Bh6 N6h5 15. Bg5
Nf6 16. O-O-O d5 17. exd5 cxd5 18. Bxd5 Kf8 19. Bb3 Nxh3 20. Rg2 e4 21. Ne1 Be5
22. f4 Bc7 23. Nb5 Ba5 24. Qe3 exd3 25. Qc5+ Qe7 26. Nxd3 Bb6 27. Qc3 a6 28. Ne5
Nxg5 29. Rxg5 Ne4 30. Nd7+ Qxd7 31. Qxg7+ Ke7 32. Re5+ Kd8 33. Rxe8+ Kxe8 34.
Qg8+ Ke7 35. Qxf7+ 1-0

[Event "15th Delhi Open 2017"]
[Site "New Delhi IND"]
[Date "2017.01.12"]
[Round "6.12"]
[White "Tukhaev, Adam"]
[Black "Akash Pc, Iyer"]
[Result "1-0"]
[WhiteTitle "GM"]
[WhiteElo "2516"]
[BlackElo "2205"]
[WhiteFideId "14109476"]
[BlackFideId "5006775"]
[EventDate "2017.01.09"]

1. e4 e5 2. Nf3 Nc6 3. Bb5 a6 4. Ba4 Nf6 5. d3 b5 6. Bb3 Bc5 7. O-O d6 8. c3 O-O
9. Kh1 h6 10. Qe2 Bb6 11. a4 Bd7 12. axb5 axb5 13. Rxa8 Qxa8 14. Nh4 Bg4 15. f3
Be6 16. Bc2 d5 17. g4 Nh7 18. Nf5 b4 19. d4 bxc3 20. dxe5 cxb2 21. Bxb2 d4 22.
Qb5 Qa2 23. Na3 Bxf5 24. Bb1 Na7 25. Qe2 d3 26. Qg2 Qb3 27. gxf5 Bc5 28. e6 Ng5
29. h4 Bxa3 30. Bxa3 d2 31. Qxd2 Qxa3 32. hxg5 fxe6 33. Ba2 Qe7 34. Bxe6+ Kh8
35. gxh6 gxh6 36. Qxh6+ Qh7 37. Qxh7+ Kxh7 38. Rc1 1-0

[Event "15th Delhi Open 2017"]
[Site "New Delhi IND"]
[Date "2017.01.12"]
[Round "6.13"]
[White "Tokhirjonova, Gulrukhbegim"]
[Black "Lalith, Babu M R"]
[Result "1/2-1/2"]
[WhiteTitle "WGM"]
[BlackTitle "GM"]
[WhiteElo "2284"]
[BlackElo "2587"]
[WhiteFideId "14203626"]
[BlackFideId "5024595"]
[EventDate "2017.01.09"]

1. e4 g6 2. d4 Bg7 3. Nc3 c6 4. h3 d6 5. Nf3 Nf6 6. Be2 O-O 7. a4 a5 8. O-O Na6
9. Bf4 Nb4 10. Qd2 Qb6 11. b3 Re8 12. Rad1 Qc7 13. e5 Nd7 14. exd6 exd6 15. Ng5
Nf6 16. Bc4 Nbd5 17. Rfe1 Bf5 18. g4 Be6 19. Nxe6 fxe6 20. Bh2 Nxc3 21. Qxc3 Qd7
22. Qg3 d5 23. Bd3 Qf7 24. f4 Rac8 25. Re2 Nd7 26. c3 c5 27. Bb5 cxd4 28. cxd4
Re7 29. Qe1 Nf6 30. Bd3 b6 31. Kh1 Ree8 32. Qd2 Bf8 33. Rc1 Ne4 34. Bxe4 dxe4
35. Rc2 e5 36. Rxc8 Rxc8 37. dxe5 Qxb3 38. Qa2 Qxa2 39. Rxa2 Kf7 40. f5 gxf5 41.
gxf5 Rc3 42. Kg2 Bc5 43. Bg3 Rf3 44. e6+ Ke8 45. Re2 Rxf5 46. Rxe4 Bb4 47. Bh4
Be7 48. Bg3 b5 49. axb5 Rxb5 50. Rc4 Rc5 51. Rg4 Rg5 52. Kf3 Rxg4 53. Kxg4 a4
54. Be5 a3 55. Kf5 h6 56. Bd4 Bb4 57. Be5 Bc5 58. Bc3 h5 59. Ke4 Ke7 60. Kd5 Bd6
61. Bd4 a2 62. Bc3 Ba3 63. Bd4 Bc1 64. Bc5+ Ke8 65. Bd4 Bf4 66. Ke4 Bh6 67. Kf5 1/2-1/2

[Event "15th Delhi Open 2017"]
[Site "New Delhi IND"]
[Date "2017.01.12"]
[Round "6.14"]
[White "Saravana, Krishnan P."]
[Black "David, Alberto"]
[Result "0-1"]
[BlackTitle "GM"]
[WhiteElo "2282"]
[BlackElo "2569"]
[WhiteFideId "5018382"]
[BlackFideId "4000013"]
[EventDate "2017.01.09"]

1. e4 c5 2. Nf3 e6 3. d4 cxd4 4. Nxd4 a6 5. Bd3 Bc5 6. Nb3 Be7 7. Qg4 g6 8. Qe2
d6 9. a4 Nc6 10. O-O Ne5 11. Be3 Nf6 12. a5 Bd7 13. Nc3 O-O 14. f4 Nxd3 15. cxd3
Re8 16. Nd2 Bc6 17. Nc4 Nh5 18. e5 d5 19. Bb6 Qd7 20. Nd2 d4 21. Nce4 f5 22. Nc5
Qd5 23. Ncb3 g5 24. fxg5 Bxg5 25. Ne4 Be3+ 26. Kh1 fxe4 27. Qxh5 Re7 28. Nc5
exd3 29. Rf3 d2 30. Raf1 Rg7 31. Nd3 Qxf3 32. gxf3 Rf8 0-1